Thrikkottoor peruma/ (Record no. 47112)

000 -LEADER
fixed length control field 00402nam a22001451a 4500
082 ## - DEWEY DECIMAL CLASSIFICATION NUMBER
Classification number M3
Item number KHA/T
100 ## - MAIN ENTRY--PERSONAL NAME
Personal name Khadar U A
9 (RLIN) 73956
245 ## - TITLE STATEMENT
Title Thrikkottoor peruma/
Statement of responsibility, etc. by U A Khadar.
260 ## - PUBLICATION, DISTRIBUTION, ETC.
Place of publication, distribution, etc. Kottayam:
Name of publisher, distributor, etc. Sahitya Pravartaka Co-operative Society,
Date of publication, distribution, etc. 1992.
300 ## - PHYSICAL DESCRIPTION
Extent 268p.
650 ## - SUBJECT ADDED ENTRY--TOPICAL TERM
Topical term or geographic name entry element Literature
9 (RLIN) 73957
650 ## - SUBJECT ADDED ENTRY--TOPICAL TERM
Topical term or geographic name entry element Literature Malayalam
9 (RLIN) 73958
650 ## - SUBJECT ADDED ENTRY--TOPICAL TERM
Topical term or geographic name entry element Novel Malayalam
9 (RLIN) 73959
942 ## - ADDED ENTRY ELEMENTS (KOHA)
Koha item type Book
Holdings
Withdrawn status Lost status Damaged status Not for loan Permanent Location Current Location Date acquired Cost, normal purchase price Total Checkouts Full call number Barcode Date last seen Cost, replacement price Price effective from Koha item type
        Sree Sankaracharya University of Sanskrit Sree Sankaracharya University of Sanskrit 08.01.2015 48.00   M3 KHA/T 012080 08.01.2015 0.00 08.01.2015 Book
        Sree Sankaracharya University of Sanskrit Sree Sankaracharya University of Sanskrit 08.01.2015 48.00   M3 KHA/T 003117 08.01.2015 0.00 08.01.2015 Book